The business writing problem solver : (Record no. 8860)
[ view plain ]
| 000 -LEADER | |
|---|---|
| fixed length control field | 00764nam a2200265 a 4500 |
| 001 - CONTROL NUMBER | |
| JCCL Control Number | 8860 |
| 003 - CONTROL NUMBER IDENTIFIER | |
| JCCL marc code | BD-JhCC |
| 005 - DATE AND TIME OF LATEST TRANSACTION | |
| control field | 20180305104456.0 |
| 008 - FIXED-LENGTH DATA ELEMENTS--GENERAL INFORMATION | |
| fixed length control field | 860916s1987 ilua b 001 0 eng |
| 020 ## - INTERNATIONAL STANDARD BOOK NUMBER | |
| International Standard Book Number | 0870949012 |
| 035 ## - SYSTEM CONTROL NUMBER | |
| system control number | (BD-JhCC)8860 |
| 040 ## - CATALOGING SOURCE | |
| Original cataloging agency | DLC |
| Transcribing agency | DLC |
| Modifying agency | DLC |
| -- | BD-JhCC |
| 041 ## - LANGUAGE CODE | |
| Language code of Book | eng |
| 050 00 - LIBRARY OF CONGRESS CALL NUMBER | |
| Classification number | HF5718.3 |
| Item number | .H65 1987 |
| 082 00 - DEWEY DECIMAL CLASSIFICATION NUMBER | |
| Classification number | 651.7/4 |
| DDC Edition number | 19 |
| Author mark and Year | HOL 1987 |
| 100 1# - MAIN ENTRY--PERSONAL NAME | |
| Personal name | Holtz, Herman. |
| 245 14 - TITLE STATEMENT | |
| Title | The business writing problem solver : |
| Remainder of title | instant solutions for every business / |
| Statement of responsibility, etc | Herman R. Holtz. |
| 260 ## - PUBLICATION, DISTRIBUTION, ETC. (IMPRINT) | |
| Place of publication, distribution, etc | Homewood, Ill. : |
| Name of publisher, distributor, etc | Dow Jones-Irwin, |
| Date of publication, distribution, etc | c1987. |
| 300 ## - PHYSICAL DESCRIPTION | |
| Pagination | xii, 235 p. : |
| Other physical details | ill. ; |
| Dimensions | 29 cm. |
| 500 ## - GENERAL NOTE | |
| General note | Includes index. |
| 504 ## - BIBLIOGRAPHY, ETC. NOTE | |
| Bibliography, etc | Bibliography: p. 229-232. |
| 650 #0 - SUBJECT ADDED ENTRY--TOPICAL TERM | |
| Topical term or geographic name as entry element | Business writing. |
| 942 ## - ADDED ENTRY ELEMENTS (KOHA) | |
| Source of classification or shelving scheme | Dewey Decimal Classification |
| Koha item type | Books |
| Source of classification or shelving scheme | Damaged status | Not for loan | Home library | Current library | Shelving location | Total Checkouts | Full call number | Barcode | Date last seen | Copy number | Koha item type |
|---|---|---|---|---|---|---|---|---|---|---|---|
| Dewey Decimal Classification | JCC Rouf Library | JCC Rouf Library | General Stacks | 651.7/4 HOL 1987 | 11827 | 03/05/2018 | C - 1 | Books |